| 000 | 00450nam a22001697a 4500 | ||
|---|---|---|---|
| 005 | 20230119122024.0 | ||
| 008 | 200318b xxu||||| |||| 00| 0 eng d | ||
| 020 | _a9788123915838 | ||
| 041 | _aeng | ||
| 100 | _aCHATTEN,LESLIE G | ||
| 245 | _aPHARMACEUTICAL CHEMISTRY : THEORY AND APPLICATION (VOL-I) | ||
| 250 | _a1st, ed. 2008 | ||
| 260 |
_aNEW DELHI _bCBS |
||
| 300 | _a504;p xii | ||
| 650 |
_aPHARMACY _xB.PHARMA & D.PHARMA _97472 |
||
| 942 | _cBK | ||
| 999 |
_c6149 _d6147 |
||